| 000 | 02789nam a2200325 i 4500 | ||
|---|---|---|---|
| 001 | 768714001 | ||
| 003 | CO-MdFUSB | ||
| 005 | 20230315155925.0 | ||
| 008 | 230221t1996 us a|||| |||| 00| 0 eng d | ||
| 020 | _a0300066155 | ||
| 040 |
_aCO-MdFUSB _bspa _cCO-MdFUSB _dCO-MdFUSBC _erda |
||
| 041 | _aspa | ||
| 082 |
_223 _a939.4 _bSN671 |
||
| 100 |
_aSnell, Daniel C. _eautor |
||
| 245 |
_a Life in the ancient Near East : _f3100 - 332 B. C. E. _c/ Snell, Daniel C. |
||
| 264 | 1 |
_aEstados Unidos : _bYale University Press, _c[1997] |
|
| 264 | 4 | _c© 1997 | |
| 300 |
_a270 páginas _c; 23 cm |
||
| 336 |
_2rdacontent _atexto _btxt |
||
| 337 |
_2rdamedia _asin mediación _bn |
||
| 338 |
_2rdacarrier _avolumen _bnc |
||
| 505 | _aLos orígenes de las ciudades, 5500-2300 a.C. -- El surgimiento de los imperios, 2300-2000 a.C.--Desunión y reformas, 2000-1600 a.C. -- Reducción e imperio, 1600-1100 a.C. -- Dominación asiria, 1100-626 a.C. -- Babilonia y un mundo persa, 626-332 a.C. -- Tendencias e implicaciones -- Epílogo -- Apéndice: Teorías de las economías y sociedades antiguas. | ||
| 520 | _aEn este amplio panorama de la vida en el antiguo Cercano Oriente, Daniel Snell examina la historia de la región desde la invención de la escritura hace cinco mil años hasta la conquista de Alejandro Magno en 332 a. El libro es la primera historia completa de las condiciones sociales y económicas que afectan a la gente corriente y de las relaciones entre los gobiernos y los pueblos del antiguo Egipto, Jordania, Israel, Irán, Irak, Líbano, Siria y Turquía. Para situar los desarrollos del Cercano Oriente en un contexto más amplio, el autor también ofrece breves puntos de vista contrastantes de la India, China, Grecia y la Italia etrusca". "Snell organiza su libro cronológicamente en lapsos de tiempo de unos quinientos años y considera amplias continuidades. Basándose en los estudios más recientes en muchos campos y en muchos idiomas, presenta un cuadro detallado de lo que se sabe sobre la demografía, los grupos sociales, la familia, las mujeres, el trabajo, la gestión de la tierra y los animales, la artesanía, el comercio, el dinero y el gobierno de el antiguo Cercano Oriente. Para los lectores en general interesados en los acontecimientos históricos que han influido en el desarrollo de Europa y el Medio Oriente, para los especialistas que buscan una comprensión más amplia de los primeros períodos de la historia del Medio Oriente y para cualquier persona interesada en la Biblia, este libro ofrece una fascinante recorrido por la vida en la antigua Asia occidental. | ||
| 563 | _aRustico | ||
| 650 | 7 |
_2embne _97022 _aHistoria |
|
| 653 | _aCercano Oriente -- Historia. | ||
| 942 | _cBK | ||
| 945 | _aMiguel | ||
| 999 |
_c68437 _d68437 |
||